Normal view
MARC view
- Tahir, Hamza
Entry Personal Name
001 - CONTROL NUMBER
- control field: 119669
003 - CONTROL NUMBER IDENTIFIER
- control field: NUST
005 - DATE AND TIME OF LATEST TRANSACTION
- control field: 20231212111918.0
008 - FIXED-LENGTH DATA ELEMENTS
- fixed length control field: 231212|| aca||aabn | a|a d
040 ## - CATALOGING SOURCE
- Original cataloging agency: NUST
- Transcribing agency: NUST
100 ## - HEADING--PERSONAL NAME
- Personal name: Tahir, Hamza
670 ## - SOURCE DATA FOUND
- Source citation: Work cat.: (NUST): Tahir, Hamza, Experimental Investigation of a Mini Turbofan Engine with Respect to Turbojet for its Thrust Modulation /
